1184 1860 1669 1905 1147 1055 1450 1392 1254 1427 1208 1553 1866 1916 1976 1151 1434 1694 1720 1675 1104 1533 1681 1481 1916 1828 1303 1730 1327 1275 1731 1464 1437 1268 1756 1023 1673 1415 1481 1288 1805 1520 1496 1276 1895 1127 1978 1791 1748 1570 1001 1363 1149 1026 1675 1026 1431 1587 1795 1751 1415 1316 1469 1806 1165 1720 1970 1841 1862 1750 1182 1015 1321 1541 1466 1807 1169 1273 1229 1854 1455 1561 1657 1544 1268 1055 1069 1064 1674 1507 1896 1020 1436 1703 1372 1060 1130 1251 1022 BCNSPRNW ULIB Ver.6.0+V

เปลี่ยนเป็นภาษาไทย

Change to English
 แสดงรายละเอียดบรรณานุกรม
  กลับหน้าหลัก

Brief Record : Get Marc (ISO 2709) : E-mail record : QR code < ปิดหน้าต่าง
LEADER : 00000nam 2200000uu 4500
001    13399123910
003     ULIB
008    141214s2556||||th 000 0 tha d
020    ^a9786165070843
060 04 ^aWW140^bต367
110 1  ^aมหาวิทยาลัยธรรมศาสตร์. ^bคณะแพทยศาสตร์. ^bภาควิชาจักษุวิทยา
245 00 ^aตำราจักษุวิทยาวิวัฒน์.^nเล่ม 1 /^cภาควิชาจักษุวิทยา คณะแพทยศาสตร์ มหาวิทยาลัยธรรมศาสตร์.
250    ^aพิมพ์ครั้งที่ 1
260    ^aปทุมธานี :^bภาควิชาจักษุวิทยา คณะแพทยศาสตร์ มหาวิทยาลัยธรรมศาสตร์,^c2556
300    ^axvi, 192 หน้า :^bภาพประกอบ (สีบางภาพ) ;^c22 ซม.
650  4 ^aจักษุวิทยา
650  4 ^aตา, โรค
700 0  ^aศักดิ์ชัย วงศกิตติรักษ์,^eบรรณาธิการ
945    ^p300^l0^i22596
945    ^p300^l0^i22597
945    ^p300^l0^i22598
999    ^aทศพร เกษรทอง
รายการนี้ยังไม่มีแท็ก
คุณยังไม่ได้ล็อกอิน คุณสามารถมีกิจกรรมร่วมกับเว็บไซต์ได้ แต่ต้องล็อกอินก่อน ::
  ล็อกอิน

รายการสื่อสารสนเทศ

ลำดับที่ ประเภท เลขเรียก/บาร์โค้ด สถานที่ สถานะ
1. วิทยาศาสตร์การแพทย์ และสุขภาพ
วิทยาศาสตร์การแพทย์ และสุขภาพ
สถานะ=หนังสือเก่า
WW140 ต367 ฉ.1 
  Barcode: 22596
ห้องสมุดวิทยาเขตนครสวรรค์
►ส่วนจัดเก็บหนังสือเก่า นว.
บนชั้น
  ขอยืม
2. วิทยาศาสตร์การแพทย์ และสุขภาพ
วิทยาศาสตร์การแพทย์ และสุขภาพ
สถานะ=หนังสือเก่า
WW140 ต367 ฉ.2 
  Barcode: 22597
ห้องสมุดวิทยาเขตนครสวรรค์
►ส่วนจัดเก็บหนังสือเก่า นว.
บนชั้น
  ขอยืม
3. วิทยาศาสตร์การแพทย์ และสุขภาพ
วิทยาศาสตร์การแพทย์ และสุขภาพ
สถานะ=หนังสือเก่า
WW140 ต367 ฉ.3 
  Barcode: 22598
ห้องสมุดวิทยาเขตนครสวรรค์
►ส่วนจัดเก็บหนังสือเก่า นว.
บนชั้น
  ขอยืม

รายการใกล้เคียง
    หัวเรื่อง [จักษุวิทยา]
    หัวเรื่อง [ตา, โรค]

BibComment


ยังไม่เคยถูกคอมเมนท์

คอมเมนท์ทรัพยากรรายการนี้
  คอมเมนท์: ตำราจักษุวิทยาวิ..


 Copyright 2026. Bcnsprnw @Library